| 000 | 005270000a22001810004500 | ||
|---|---|---|---|
| 001 | 001798 | ||
| 003 | MACL | ||
| 005 | 20150705132037.0 | ||
| 008 | 150705b xxu||||| |||| 00| 0 eng d | ||
| 040 |
_aMACL _cMACL |
||
| 041 | _aEnglish | ||
| 100 |
_aPathak, Bindeshwar _9802 |
||
| 245 |
_aRoad To Freedom _bA Sociological Study On The Abolition Of Scavenging In India _cBindeshwar Pathak |
||
| 260 |
_aMotilal Banarsi Dass Publishers, _c1995 _bNew Delhi |
||
| 350 | _a225 | ||
| 650 |
_aSocial Science _929 |
||
| 942 |
_k305 _cBK _2ddc |
||
| 999 |
_c13714 _d13714 |
||